000 00396nam a22001457a 4500
005 20250503144349.0
008 250503b |||||||| |||| 00| 0 eng d
050 _aKD 3939
_b.J66
100 _aR H Jones
245 _aConstitutional and administrative law
_cR H Jones
260 _aLondon
_bMacdonald and evans ltd
_cc1968
300 _axiv, 278p;
500 _aIncludes index
942 _2lcc
_cBK
_n0
999 _c5632
_d5632